000 00503nam a2200181Ia 4500
003 IN-BaIIA
008 211028s9999 xx 000 0 eng d
040 _cIIA Library
080 _a539.1
_bHEI
100 _aHeisenberg, W
_91930
245 0 _aNuclear physics
_cW Heisenberg
260 _aLondon
_bMethuen
_c1953
300 _aix, 225p.
650 _aNASA Thesaurus
650 _aNuclear physics
_91527
650 _aNuclear reactions
_92819
942 _cBK
999 _c1364
_d1364